Novela zákona o daních z příjmů č. 2/2009 Sb.

Začiatkom r. 2008 nadobudla platnosť rozsiahla novela č. 261/2007 Sb. zákona o daniach z príjmov, ktorá do českej legislatívy priniesla podstatné zmeny najmä v oblasti dane z príjmov fyzických osôb. Stanovila aj to, že daň z príjmov fyzických osôb bude predstavovať od r. 2008 15 percent a od r. 2009...

Ausführliche Beschreibung

Gespeichert in:
Bibliographische Detailangaben
1. Verfasser: Sedláková, Eva
Format: Buchkapitel
Sprache:Tschechisch
Schlagworte:
Tags: Tag hinzufügen
Keine Tags, Fügen Sie das erste Tag hinzu!

MARC

LEADER 00000naa$a2200000$$$4500
001 0092450
005 20230925091244.8
041 0 |a cze 
044 |a CZ 
245 1 0 |a Novela zákona o daních z příjmů č. 2/2009 Sb.  |c Eva Sedláková 
520 |a Začiatkom r. 2008 nadobudla platnosť rozsiahla novela č. 261/2007 Sb. zákona o daniach z príjmov, ktorá do českej legislatívy priniesla podstatné zmeny najmä v oblasti dane z príjmov fyzických osôb. Stanovila aj to, že daň z príjmov fyzických osôb bude predstavovať od r. 2008 15 percent a od r. 2009 iba 12,5 percenta s tým, že pre r. 2009 podstatne znížila úľavy na daniach. To by prinieslo neodôvodnené zvýšenie daňového zaťaženia poplatníkov. Na túto skutočnosť reaguje novela č. 2/2009 Sb. zákona o daniach z príjmov, ktorá priniesla nielen upresnenia ustanovení zákona, ale aj ponechala daň vo výške 15 percent aj pre r. 2009 s tým, že meniť sa nebudú ani úľavy na dani. 
610 2 0 |a novelizácia 
610 2 0 |a legislatíva 
610 2 0 |a dane z príjmov 
610 2 0 |a osoby fyzické 
610 2 0 |a úľavy daňové 
610 2 0 |a Česko 
100 1 |a Sedláková, Eva